000 00935nam a2200301 a 4500
001 000114361
003 CHAP
005 20220329144438.0
008 180116s1997 mx |r| ||||||spa d
010 _a110822
011 _a111794
020 _a9684099495
040 _cCHAP
082 0 4 _a616.8527
_bC14
100 1 _aCalderón Narvaez, Guillermo
_9134332
245 1 0 _aDepresión, sufrimiento y liberación /
_cpor Guillermo Calderón Narvaez.
260 _aMéxico :
_bEdamex,
_c1997.
300 _a224 p.
500 _aDiagnóstico, pronóstico y tratamiento. Cuestionario para medir la depresión
590 _aE11695DGD
_b10
_c20180116
_lUCH01
_h1454
590 _aE11695DGD
_b10
_c20180116
_lUCH01
_h1454
590 _aE5765TAJ
_b05
_c20180116
_lUCH01
_h0859
650 1 4 _aDepresión mental
_xDiagnóstico.
_9134334
650 1 4 _aDepresión mental
_xTratamiento.
_9134333
901 _aBK
942 _cLIBRO
942 _n0
999 _c110822
_d110822